000 00465nam a2200169Ia 4500
008 230917s9999||||xx |||||||||||||| ||und||
020 _cRS 450.00
040 _e5011250
_aMAIN
041 _aEnglish
082 _a615.19 M312P
100 _aManavalan, R
245 0 _aPhysical pharmaceutics
260 _aHyderabad
_bPharma Med Press
_c2022
300 _a374 p.
500 _a5039 18/01/2023 HBD23/9683 19/01/2023 Pharmaceutical Sciences (Non- Plan)
942 _cBK
999 _c8656
_d8656